Land vs. Land #146 - Statistiken

Allgemein
  • Dieses Quiz wurde 10 mal gespielt
  • Das Durchschnittsergebnis liegt bei 11 aus 14
Antwortstatistiken
Frage Antwort % Korrekt
...Fläche? Neuseeland🇳🇿
100%
...Happy Planet Index? Neuseeland🇳🇿
100%
...Frieden? Neuseeland🇳🇿
100%
...Bruttoinlandsprodukt? VAE🇦🇪
100%
...Lebenserwartung? Neuseeland🇳🇿
89%
...Bruttoinlandsprodukt pro Kopf? VAE🇦🇪
89%
...Militär? VAE🇦🇪
89%
...Gesundheitswesen? Neuseeland🇳🇿
78%
...durchschnittlicher IQ? Neuseeland🇳🇿
78%
...Exportmengen? VAE🇦🇪
67%
...Einwohner? VAE🇦🇪
56%
...Tourismus? VAE🇦🇪
56%
...HDI (Human Development Index)? VAE🇦🇪
44%
...Gewinner? VAE🇦🇪
33%
Keine übereinstimmenden Quizze gefunden
Verteilung der Resultate
Anzahl Personen mit jedem Resultat
Perzentil nach korrekt beantworteten Fragen
Ihre Resultats-Entwicklung
Sie haben dieses Quiz noch nicht gespielt